000 01504nkm a2200325 i 4500
001 3027
003 ES-MaACL
005 20250713062537.0
007 khrbo
008 041110s1981 sp --- g |001||spa d
100 0 _aAlfonso,
_d1902-1990
_919858
245 1 0 _aPresentación del informe "Los doscientos días de la política económica del Gobierno" [
_hFotografía] /
_cAlfonso (sello).
260 _a[S.l. :
_bs.n.],
_c1981.
300 _a7 fot. :
_bb. y n. ;
_c12 x 18 cm.
500 _aDatos basados en invitación.
511 0 _aIntervienen: Julio Pascual, Rafael Alberto Pérez, Fernando de la Puente, Juan María Hernández Puértolas, Jesús Martínez Vázquez, Juan Molina, Luisa Serrano.
518 _aActo organizado por la Sección de Economía del Ateneo de Madrid, celebrado en el salón de actos el 14 de octubre de 1981, a las 20:00 h.
600 1 4 _aPascual Vicente, Julio.
_989402
600 1 4 _aPérez González, Rafael Alberto.
_990916
600 1 4 _aPuente, Fernando de la.
_994141
600 1 4 _aHernández Puértolas, Juan María.
_963029
600 1 4 _aMartínez Vázquez, Jesús.
_978470
600 1 4 _aMolina, Juan.
_981893
600 1 4 _aSerrano, Luis.
_9105705
610 2 4 _aAteneo de Madrid-
_xActos culturales-
_y1981-
_vFotografías.
_91892
710 2 _aAteneo de Madrid.
_bSección de Economía.
_91990
852 _aES-MaACL
_jFOT 60/1981
856 4 _uhttp://www.ateneodemadrid.net/biblioteca_digital/imagenes/1981/0060-1981.jpg
_zVer imagen
999 _c3027
_d3027